000 00649nam a2200217 a 4500
999 _c12661
_d12661
001 12661
003 BD-JhCC
005 20221103134023.0
008 221102s2021 bg |||| |||| 000 0 ban d
020 _a9789849418238
035 _a(BD-JhCC)12661
040 _aBD-JhCC
_dBD-JhCC
041 _aBangla
082 _a891.443
_bAKH 2021
100 _aআখন্দ, মৌলী
245 _aইট রঙের বাড়ি /
_cমৌলী আখন্দ
260 _aঢাকা :
_bপাললিক সৌরভ,
_c২০২১
300 _a১৪০ পৃ. :
_c২১ সেমি.
650 _aBangla Novel
942 _2ddc
_cBK
_02